000 00838cam a22002532a 4500
999 _c34647
_d34647
001 014313
003 AR-FADEU
005 20211215111917.0
008 311216n1964####xxu####################dd
040 _cBiblioteca Ernesto Sábato
092 _a982.531
_bO77
_eBDGR
100 _aOrtega Peña, Rodolfo
245 _aEl manifiesto de Felipe Varela y la cuestión nacional.
_b Manifiesto del general Felipe Varela a los pueblos americanos sobre los acontecimientos políticos de la República Argentina en los años 1866 y 1867
260 _aBuenos Aires
260 _bEudeba
260 _c1974
300 _a103 p.
440 _aBibl. de América. Libros del tiempo nuevo
650 _aINDEPENDENCIA ARGENTINA
650 _aCAUDILLOS
650 _aVARELA, F.
700 _aEduardo Luis Duhalde
942 _cBDGR
_2ddc